| 000 | 00851nam a2200229 i 4500 | ||
|---|---|---|---|
| 001 | 63726 | ||
| 003 | ES-MaACL | ||
| 005 | 20250829130245.0 | ||
| 007 | t| | ||
| 008 | 031216s1949 sp |||| |dspa d | ||
| 100 | 1 |
_aFierro Torres, Rodolfo. _950719 |
|
| 245 | 1 | 3 |
_aLa pedagogía social de Don Bosco / _cpor Rodofo Fierro Torres ; prólogo de Salvador Minguijón. |
| 260 |
_aMadrid : _b[s.n.], _c1949 ( _fC. Bermejo) |
||
| 300 |
_a389 p. ; _c26 cm. |
||
| 594 | _aPrecede al tít.: Consejo Superior de Investigaciones Científicas. Instituto "San José de Calasanz" | ||
| 600 | 0 | 4 |
_aJuan Bosco _cSanto. _967105 |
| 650 | 0 | 7 |
_aPedagogía social _2embne _915908 |
| 700 | 1 |
_aMinguijón y Adrián, Salvador. _981357 |
|
| 710 | 2 |
_aInstituto San José de Calasanz de Pedagogía _9163009 |
|
| 852 |
_aES-MaACL _jD-6789 |
||
| 999 |
_c63726 _d63726 |
||